| 000 | 04347cam a2200385 a 4500 | ||
|---|---|---|---|
| 001 | 14483702 | ||
| 003 | ARRUPE | ||
| 005 | 20140213142714.0 | ||
| 008 | 060807s2007 mau b 001 0 eng | ||
| 010 | _a 2006025789 | ||
| 020 | _a1405135646 (hbk.) | ||
| 020 | _a9781405135641 (hbk.) | ||
| 020 | _a1405135654 (pbk.) | ||
| 020 | _a9781405135658 (pbk.) | ||
| 035 | _a(OCoLC)ocm70921398 | ||
| 035 | _a(OCoLC)70921398 | ||
| 040 |
_aDLC _cDLC _dBAKER _dBTCTA _dBWKUK _dYDXCP _dDLC |
||
| 050 | 0 | 0 |
_aB721 _b.M458 2007 |
| 245 | 0 | 0 |
_aMedieval philosophy : _bessential readings with commentary / _cedited by Gyula Klima ; with Fritz Allhoff and Anand Jayprakash Vaidya. |
| 260 |
_aMalden, MA ; _aOxford : _bBlackwell Pub., _c2007. |
||
| 300 |
_axii, 393 p. ; _c26 cm. |
||
| 440 | 0 |
_aBlackwell readings in the history of philosophy ; _v2 _98655 |
|
| 504 | _aIncludes bibliographical references (p. [382]-387) and index. | ||
| 505 | 0 | _aLogic and epistemology -- Philosophy, theology, logic, and the sciences -- Augustine on ancient philosophy -- Dialectica Monaccensis (anonymous, twelfth century) on the division of science -- Thomas Aquinas on the nature and scope of sacred doctrine -- The problem of universals -- Boethius against real universals -- John of Salisbury on the controversy over universals -- The Summa Lamberti on the properties of terms -- William Ockham on universals -- John Buridan on the predicables -- Illumination vs. abstraction, and scientific knowledge -- Augustine on divine ideas and illumination -- Thomas Aquinas on illumination vs. abstraction -- Thomas Aquinas on our knowledge of the first principles of demonstration -- Henry of Ghent on divine illumination -- Duns Scotus on divine illumination -- Knowledge and skepticism -- Augustine on the certainty of self-knowledge -- Thomas Aquinas on whether the intellect can be false -- Henry of Ghent on whether a human being can know anything -- Nicholas of Autrecourt on skepticism about substance and causality -- John Buridan on scientific knowledge -- Philosophy of nature, philosophy of the soul, metaphysics -- Hylomorphism, causality, natural philosophy -- Thomas Aquinas on the principles of nature -- Thomas Aquinas on the mixture of elements -- Giles of Rome on the errors of philosophers -- Selections from the condemnation of 1277 -- John Buridan on the impetus theory of projectile motion -- Human nature and the philosophy of the soul -- Augustine on the soul -- Averroës on the immateriality of the intellect -- Siger of Brabant on the intellective soul -- Thomas Aquinas on the nature and powers of the human soul -- John Buridan on the immateriality of the soul -- Metaphysics, existence and essence -- Avicenna on common nature -- Thomas Aquinas on being and essence -- John Buridan on essence and existence -- God's existence and essence -- Augustine on divine immutability -- Anselm of Canterbury on God's existence -- Thomas Aquinas on God's existence and simplicity -- Practical philosophy -- Goodness and being -- Augustine on evil as the privation of goodness -- Augustine on the origin of moral evil -- Boethius on being and goodness -- Thomas Aquinas on the convertibility of being and goodness -- Freedom of the will -- Augustine on the "divided will" -- Boethius on divine providence and the freedom of the will -- Anselm of Canterbury on free will -- Henry of Ghent on the primacy of the will -- Virtues and happiness -- Boethius of Dacia on the supreme good -- Thomas Aquinas on happiness -- Divine law, natural law, positive law -- Thomas Aquinas on natural law and positive law -- John Duns Scotus on natural law and divine law. | |
| 650 | 0 |
_aPhilosophy, Medieval. _98656 |
|
| 700 | 1 |
_aKlima, Gyula. _98657 |
|
| 700 | 1 |
_aAllhoff, Fritz. _98658 |
|
| 700 | 1 |
_aVaidya, Anand. _98659 |
|
| 856 | 4 | 1 |
_3Table of contents only _uhttp://www.loc.gov/catdir/toc/ecip0619/2006025789.html |
| 856 | 4 | 2 |
_3Publisher description _uhttp://www.loc.gov/catdir/enhancements/fy0802/2006025789-d.html |
| 856 | 4 | 2 |
_3Contributor biographical information _uhttp://www.loc.gov/catdir/enhancements/fy0802/2006025789-b.html |
| 906 |
_a7 _bcbc _corignew _d1 _eecip _f20 _gy-gencatlg |
||
| 942 |
_2lcc _cMONOGRAPH |
||
| 999 |
_c120057 _d120057 |
||